Statistiques concernant Le "Concile Vatican II"

Cliquez ici pour prendre le quiz!

Statistiques générales

  • Ce quiz a été pris 122 fois
  • Le résultat moyen est 8 sur 14

Statistiques - réponses

QuestionsRéponses% Correct
Il l'a clos en 1965.Paul VI
95%
Il a ouvert le Concile en 1961.Jean XXIII
93%
Langue dans laquelle est servie la messe tridentine à laquelle le Concile a substitué les langues vernaculaires.Le latin
91%
Costume du prêtre qui s'imposa à la suite du Concile de Trente au XVIe siècle et que l'église du Concile Vatican II a rendu facultatif.La soutane
89%
Acteur et réalisateur américain d'origine irlandaise connu pour son film Braveheart, qui ne reconnait pas le Concile et soutient le précédent.Mel Gibson
84%
Prêtre fictif italien, incarné entre autre par Fernandel au cinéma, qui s'opposait au Concile et ironisait dessus.Don Camillo
82%
Archevêque français et principal opposant au Concile parmi les hommes d'Église à l'époque où il s'est tenu.Mgr Marcel Lefebvre
77%
Pape de 1566 à 1572 dont le nom est associé à la messe tridentine.Saint Pie V
45%
Société de prêtres fondée par le précédent en 1970 en réaction au Concile dans le but d'éviter "avec soin les erreurs modernes, en particulier le libéralisme et tous ses succédanés" mais ralliée à Rome après son décès.La Fraternité sacerdotale Saint-Pie X
39%
Homme d'église italien actuel qui dénonce le "cancer conciliaire".Carlo Maria Viganò
33%
Courant qui dresse le constat de la vacance du Siège de Saint-Pierre du fait du Concile.Le sédévacantisme
31%
Mouvement institutionnalisé par le Concile qui tend vers l'unité visible de tous ceux qui font profession d'être Chrétiens, par delà les divergences doctrinales.L'œcuménisme
21%
Petit bourg suisse dans le canton du Valais où cette société a été fondée.Écône
20%
Costume de prêtre qui s'est imposé parmi les prêtres du Concile Vatican II.Le clergyman
18%

Distribution des résultats

Percentile par nombre de réponses

% des personnes avec chaque résultat

Votre développement - résultats

Vous n’avez pas pris ce quiz